000 01278nam a2200241Ia 4500
003 Ost
005 20260507074854.0
008 260507s9999||||xx |||||||||||||| ||und||
020 _a9774100042
040 _cfsecg
041 _aara
082 _a658
100 _aالمغربي، عبد الحميد عبد الفتاح
_eمؤلف
245 0 _aالإدارة :
_bالأصول العلمية والتوجهات المستقبلية لمدير القرن الحادي والعشرين /
_c عبد الحميد عبد الفتاح المغربي
260 _aالاسكندرية:
_bالمكتبة العصرية للنشر والتوزيع,
_c2006
300 _a599 صفحة؛
_bإيضاحات ؛
_c24 سم
504 _aبيبليوغرافيا: ص.595
520 _aيضم إدارة الأعمال بين المفاهيم والمدارس الفكرية، المديرون وعملية اتخاذ القرارات وتكنولوجيا المعلومات، وظائف المديرون في منظمات الأعمال، تحليل العوامل البيئية ودراسة المسؤولية الاجتماعية للمنظمات.
653 _aاتخاذ القرارات
653 _aإدارة الأعمال
653 _aالادارة
942 _cكتاب
999 _c41598
_d41598